| 000 | 00787 a2200253 4500 | ||
|---|---|---|---|
| 005 | 20251205172327.0 | ||
| 008 | 251205b |||||||| |||| 00| 0 eng d | ||
| 020 | _a9789392003974 (hbk) | ||
| 037 | _cTB | ||
| 040 |
_aAL _cAL |
||
| 041 |
_2eng _aeng |
||
| 084 |
_aYZ R5 _qAL |
||
| 100 |
_aMehra, Gian _9847023 |
||
| 245 | _aMethods of social work | ||
| 260 |
_aNew Delhi, India: _bK.K. Publications, _c2025. |
||
| 300 | _a655p. | ||
| 365 |
_b1995.00 _cINR |
||
| 650 |
_aSociology _9855028 |
||
| 650 |
_aSocial Work _9855029 |
||
| 700 |
_aLal, Sohan _eauthor. _9855030 |
||
| 700 |
_aLucy _eauthor. _9855031 |
||
| 942 |
_cTB _2CC _n0 _hYZ R5 |
||
| 999 |
_c1464339 _d1464339 |
||